| 000 | 00567nam a22001457a 4500 | ||
|---|---|---|---|
| 082 | _a670 | ||
| 100 |
_a Hassan ,Adeel _9122297 |
||
| 245 |
_aShear Angle and Chips Formation Analysis during Dry and Cryogenic Machining of Titanium Alloy Ti-6Al-4V / _cAdeel Hassan |
||
| 264 |
_aIslamabad: _bSMME- NUST. _c2021. |
||
| 300 |
_a65p. ; _bSoft Copy, _c30cm. |
||
| 650 |
_aMS Design and Manufacturing Engineering _9119567 |
||
| 700 |
_aSupervisor : Dr. Syed Husain Imran _9122298 |
||
| 856 | _uhttp://10.250.8.41:8080/xmlui/handle/123456789/23803 | ||
| 942 |
_2ddc _cTHE |
||
| 999 |
_c608800 _d608800 |
||